Návod na koncepciu a používanie procesného prístupu v systémoch manažérstva

Bibliographic Details
Format: Article
Language:Slovak

MARC

LEADER 00000nab a2200000uu 4500
001 vtls011117086
003 SK-MaSNL
005 20260227133809.0
008 250310|2008 xo |||||||||||||||||slo|
015 |a SNBRB 
035 |a (uuid)def1b9d0-e465-4252-8aa8-42f31f3e46b9 
035 |a (urnnbn)urn:nbn:sk:snk:ar-a08ldk 
035 |a urn:nbn:sk:snk-ab9nj1 
040 |a SNKBUCL  |b slo  |c SNKBUCL  |e AACR2 
041 0 |a slo 
044 |a xo  |c SK 
245 0 0 |a Návod na koncepciu a používanie procesného prístupu v systémoch manažérstva 
773 0 |t Kvalita : odborný časopis Slovenskej spoločnosti pre kvalitu  |g Roč. 16, č. 4 (2008), s. 14-19 
958 |a OND 
958 |a EUIPO 
958 |a article13 
999 |c 2631901  |d 2633831